| 000 | 00908cab a2200265 4500 | ||
|---|---|---|---|
| 001 | ABS58560 | ||
| 008 | 090401t1998 xxu||||| |||| 00| 0 eng d | ||
| 035 | _a(Sirsi) u85491 | ||
| 041 | _aeng | ||
| 100 | _aLynch, G. | ||
| 245 | _aLime mortars for brickwork: traditional practice and modern misconceptions - part one | ||
| 260 | _c1998 | ||
| 350 | _a0 | ||
| 490 |
_aJournal of Architectural Conservation _v4(1) March 1998, 7-20(14) |
||
| 520 | _aThe first in a series of articles on brickwork mortars. This paper reappraises traditional practice and corrects misconceptions of lime mortar for the repair and conservation of historic buildings. References. | ||
| 650 | _aBRICKWORK | ||
| 650 | _aBUILDING CONSERVATION | ||
| 650 | _aCONSERVATION | ||
| 650 | _aHISTORIC BUILDINGS | ||
| 650 | _aLIME MORTARS | ||
| 650 | _aREPAIR | ||
| 690 | _aCONSERVATION | ||
| 942 | _n0 | ||
| 948 | _c07/04/1998 | ||
| 999 |
_c53756 _d53756 |
||